Granny Safe Quiz - Statistics

General Stats
  • This quiz has been taken 70 times
  • The average score is 6 of 15
Answer Stats
Hint Answer % Correct
Till 1.3 Padlock Key
79%
Preset 1 Car Key
67%
Till 1.4 Master Key
67%
Till 1.5 (#5) Weapon Key
64%
Preset 4 Cutting Pliers
59%
Preset 2 Chain Cutter
51%
Till 1.8 (#2) Car Battery
46%
Needed item Safe Key
46%
Till 1.5 (#2) Playhouse Key
44%
Till 1.8 (#5) Engine Part
38%
Till 1.8 (#3) Winch Handle
28%
Preset 5 Wooden Stick
26%
Preset 3 RPK
10%
Most spawning ever Screwdriver Safe
5%
Most spawning Jail Ventilator
3%
No matching quizzes found
Score Distribution
Percent of People with Each Score
Percentile by Number Answered
Your Score History
You have not taken this quiz